| 000 | 00338nam a22001337a 4500 | ||
|---|---|---|---|
| 003 | OSt | ||
| 005 | 20150729120435.0 | ||
| 008 | 150729s1987 sp ||||| |||| 00| 0 cat d | ||
| 040 |
_bcat _cCPC Girona |
||
| 245 | _aEstatuts | ||
| 260 |
_aBarcelona _bCol·legi de Periodistes de Catalunya _c1987 |
||
| 300 |
_a43p. _c21,3cm. |
||
| 942 |
_2udc _cFULLET |
||
| 999 |
_c6881 _d6881 |
||